00762nam a2200241Ia 4500008004100000020001500041040001800056041000800074245008700082260004300169300001800212504002100230650002200251650003300273650002300306650003400329650001600363650004200379650002700421650001800448651001400466700004000480130821s1999 ag gr spa  a9508941766 aCo-BoUCMbspa00aspa10aTratado teórico práctico de fideicomisocDirectora Beatriz Maury de González aBuenos Aires (Argentina)bAd-hocc1999 a411 páginas aIncluye índice04aDerecho comercial04aDerecho comercialzArgentina04aDerecho financiero04aDerecho financierozArgentina04aFideicomiso04aFideicomisoxLegislaciónzArgentina04aFideicomisozArgentina04aLegislación aArgentina1 aMaury de González, Beatriz.eComp